00815nam a22002177a 4500999001500000001000500015003000900020005001700029008004100046040003800087082001900125100001800144245005800162260005300220300004500273490004500318504005100363650005400414942001200468952011700480 c6484d64844215BD-DhUAP20210103112853.0200303s1963 ii a|||| b||| 001 0 eng d aBD-DhUAPbEngcBD-DhUAPdBD-DhUAP 223a954.14 RAH aRahim, M. A.  aSocial and cultural history of Bengal /cM. A. Rahim. aKarachi : bPakistan historical society,cc1963. axxx, 453 pages :billustrations,c23 cm. aPakistan Historical Society publication. aIncludes bibliographical references and index. aSocial life and customsvHistoryzBengal (India). 2ddccBK 00102ddc4070aUAPCLbUAPCLcGeneral Stacksd2021-01-03o954.14 RAHp3010004215r2021-01-03t1w2021-01-03yBK